Flagi Europy - Statystyki

Ogólne statystyki
  • Ten quiz został rozwiązany 132 razy
  • Średni wynik to 38 z 45
Statystyki odpowiedzi
Obrazkowy Odpowiedź % Poprawnych
Wielka Brytania
98%
Hiszpania
97%
Francja
95%
Portugalia
95%
Belgia
94%
Irlandia
93%
Niemcy
93%
Polska
93%
Czechy
92%
Grecja
91%
Monako
90%
Szwajcaria
90%
Watykan
90%
Włochy
90%
Islandia
89%
Słowacja
89%
Holandia
88%
Ukraina
88%
Macedonia Północna
87%
Albania
85%
Chorwacja
85%
Szwecja
85%
Węgry
85%
Białoruś
84%
Estonia
84%
Rosja
84%
Austria
83%
Malta
83%
Norwegia
83%
Rumunia
82%
Słowenia
82%
Dania
81%
Litwa
81%
Bośnia i Hercegowina
80%
Finlandia
80%
Luksemburg
80%
Andora
79%
Łotwa
79%
San Marino
79%
Bułgaria
77%
Kosowo
77%
Czarnogóra
76%
Serbia
76%
Liechtenstein
75%
Mołdawia
71%
Nie znaleziono quizów pasujących do podanych kryteriów
Rozkład punktacji
Procent ludzi z każdym wynikiem
Percentyl według liczby udzielonych odpowiedzi
Twoja historia wyników
Nie rozwiązałeś tego quizu